LEADER 01448nam2-2200421---450 001 990005647350203316 005 20210825091238.0 035 $a000564735 035 $aUSA01000564735 035 $a(ALEPH)000564735USA01 035 $a000564735 100 $a20040604d1973----|||y0itaa50------ba 101 $aita 102 $ait 105 $a0 00||| 200 1 $a<<3.: >> Psicofisiologia del comportamento$fdi Jacques Paillard, Vincent Bloch e Henri Piéron$g[trad. di Liliana Zonta] 210 $aTorino$cEinaudi$dcopyr. 1973 215 $aXII, 259 p.$d22 cm 300 $aTrad. di: Psychophysiologie du comportement. 454 $1001SA0010532$12001$aPsychophysiologie du comportement$fJacques Paillard, Vincent Bloch et Henri Piéron.$926979 461 0$1001000563166$12001$aTrattato di psicologia sperimentale$v3 606 $aComportamento$2F 620 $dTORINO 676 $a153.85 700 1$aPAILLARD,$bJacques$0204735 701 1$aBLOCH,$bVincent$0204736 701 1$aPIÉRON,$bHenri$0396893 702 1$aZONTA,$bLiliana 801 0$aIT$bSA$c20111219 912 $a990005647350203316 950 0$aDipar.to di Filosofia - Salerno$dDFFDC TRAPS 3$e5628 FIL 951 $aXV.18.A. 1240 3 (FDC TRAPS 3)$b5628 FIL$cXV.18.A$d481668 959 $aBK 969 $aFDECI 979 $c20121027$lUSA01$h1525 979 $c20121027$lUSA01$h1614 996 $aPsychophysiologie du comportement$926979 997 $aUNISA LEADER 01488oam 2200433Ia 450 001 9910699949303321 005 20110224130620.0 035 $a(CKB)5470000002406464 035 $a(OCoLC)227996197 035 $a(EXLCZ)995470000002406464 100 $a20080513d2002 ua 0 101 0 $aeng 135 $aurbn||||||||| 181 $ctxt$2rdacontent 182 $cc$2rdamedia 183 $acr$2rdacarrier 200 02$aA study of window-focusing effects on laser ignition for medium-caliber systems$b[electronic resource] /$fJeffrey B. Morris and Richard A. Beyer 210 1$aAberdeen Proving Ground, MD :$cU.S. Army Research Laboratory,$d[2002] 215 $a1 online resource (ix, 22 pages) $cillustrations 225 1 $aARL-TR ;$v2743 300 $aTitle from title screen (viewed on Feb. 24, 2011). 300 $a"May 2002." 606 $aFirearms$xDesign and construction 606 $aLaser beams 606 $aRefraction 615 0$aFirearms$xDesign and construction. 615 0$aLaser beams. 615 0$aRefraction. 701 $aMorris$b Jeffrey B$g(Jeffrey Brandon),$f1941-$01420858 701 $aBeyer$b Richard A$g(Richard Anthony)$01396578 712 02$aU.S. Army Research Laboratory. 801 0$bDTICE 801 1$bDTICE 801 2$bOCLCQ 801 2$bGPO 906 $aBOOK 912 $a9910699949303321 996 $aA study of window-focusing effects on laser ignition for medium-caliber systems$93540190 997 $aUNINA